| 000 | 00970nam a2200301Ia 4500 | ||
|---|---|---|---|
| 003 | OSt | ||
| 005 | 20221006153717.0 | ||
| 006 | a|||||r|||| 00| 0 | ||
| 007 | ta | ||
| 008 | 221006b |||||||| |||| 00| 0 eng d | ||
| 020 | _a1929994059780 | ||
| 024 | _a33,109 | ||
| 037 |
_bGift, Shinnyo-en _cAnnuals, Advances |
||
| 040 |
_aEASL _cEASL _beng |
||
| 041 |
_2eng _aeng |
||
| 082 | _aS1.42, P5 | ||
| 100 |
_aShwalb David W. Au. _9665062 |
||
| 245 | 0 |
_aApplied development psychology _b Theory, Practice, and Research from Japan |
|
| 260 |
_aGreenwich _bInformation age Publishing _c2005 |
||
| 300 |
_axvii,353p. _ccm. |
||
| 490 | _v JEL | ||
| 650 | _a JEL | ||
| 650 |
_aChild psycology - Japan _9665063 |
||
| 700 |
_a Nakazawa Jun Au. _9665064 |
||
| 700 |
_a Shwaib Barbara J. Au. _9665065 |
||
| 942 |
_hS1.42, P5 _cREF _2CC |
||
| 999 |
_c1101195 _d1101195 |
||